000
00463nam a2200145Ia 4500
008
151213s9999 xx 000 0 und d
100
_a
আতা সরকার
245
_a
নির্বাচিত গল্প।
_c
আতা সরকার
260
_a
কোলকাতা
_b
গ্রন্থ বিকাশ।
_c
2005
300
_a
8450 p.
650
_a
Bangla
650
_a
Bengali Literature
700
_a
আতা সরকার
999
_c
4288
_d
4288